| 000 | 00436nam a2200157 i 4500 | ||
|---|---|---|---|
| 001 | 49982 | ||
| 003 | ES-MaACL | ||
| 005 | 20230906162109.0 | ||
| 007 | t| | ||
| 008 | 030728s1969 sp ||||1| spa d | ||
| 100 | 1 |
_aCrespy, P. _941561 |
|
| 245 | 1 | 0 |
_aRapsodias _b: desde la cabaƱa del acantilado / _cP. Crespy. |
| 260 |
_a[Palma de Mallorca : _bVictoria, _c1969] |
||
| 300 |
_a52 p. ; _c17 cm. |
||
| 852 |
_aES-MaACL _jC-40520 _bR.71047 |
||
| 999 |
_c49982 _d49982 |
||